Statistics for Oscar Actors by Picture #1

Click here to take the quiz!

General Stats

  • This quiz has been taken 89,382 times
    (25,914 since last reset)
  • The average score is 12 of 20

Answer Stats

Answer % Correct
Leonardo DiCaprio
98%
Morgan Freeman
95%
Robert Downey Jr
85%
Ryan Gosling
76%
Jude Law
76%
Anthony Hopkins
72%
Sean Penn
71%
Jeff Bridges
64%
Ian McKellen
63%
Edward Norton
60%
Tommy Lee Jones
59%
Gary Oldman
58%
Ben Kingsley
55%
Laurence Fishburne
52%
Forest Whitaker
50%
Viggo Mortensen
47%
Adrien Brody
45%
Ed Harris
38%
Robert Duvall
37%
Geoffrey Rush
35%

Score Distribution

Percentile by Number Answered

Percent of People with Each Score

Your Score History

You have not taken this quiz since the last reset